Score 0/16 Timer 05:00
1 Play Today
Clue Word % Correct
Ukrainian capitalKyiv
92.8%
Israel's second largest city is Tel ____Aviv
90.9%
Peeping Tom or flasherPerv
76.4%
Talk show host Griffin, who also created JeopardyMerv
73.5%
Flavor ____ of Public EnemyFlav
70.1%
Crudely made knifeShiv
69.7%
Bulgarian, Czech, Sorb or SerbSlav
65.7%
Wally Cleaver's 1950s sitcom brother, for shortBeav
62.4%
Clue Word % Correct
Jack Bauer's show, to CaesarXXIV
58.4%
Schrieber of Wolverine and ScreamLiev
58.1%
Sportscaster Albert or original Met ThroneberryMarv
54.9%
King of Norway 1957 - 1991Olav
43.2%
Sketch show starring John Candy, Eugene Levy and othersSCTV
29.4%
1999 Matthew McConaughey / Jenna Elfman flickEDtv
17.5%
City that has also been called L'vov, Lwów and LembergLviv
12.8%
Sea that joins the Black Sea through the Kerch StraitsAzov
9.9%

You're not logged in!

Compare scores with friends on all Sporcle quizzes.
OR
Log In

Sporcle TV

Today on Sporcle TV


Watch our educational content, quiz creation guides, and fun videos on Sporcle TV.

Show Comments

Extras

Top Quizzes Today


Score Distribution

Paid Content

Your Account Isn't Verified!

In order to create a playlist on Sporcle, you need to verify the email address you used during registration. Go to your Sporcle Settings to finish the process.

Report this User

Report this user for behavior that violates our Community Guidelines.

Details: